| 000 | 00849 a2200205 4500 | ||
|---|---|---|---|
| 005 | 20180518101229.0 | ||
| 010 | _aENG-85636 B-691984 | ||
| 020 |
_a9780195696608 _c450.00 |
||
| 035 | _aEN-69169 , B-691984 | ||
| 037 | _bRK Books | ||
| 082 | _a954.02 | ||
| 100 | _aNurul Hasan, S. | ||
| 245 |
_aReligion, state, and society in medieval India: _bcollected works of S. Nurul Hasan / _cedited and with an introduction by Satish Chandra. |
||
| 260 |
_aNew Delhi _bOxford University Press _c2005. |
||
| 300 |
_aviii, 335 p. : _bmap ; _c22 cm. (pbk.) |
||
| 500 | _aIncludes index | ||
| 700 |
_aChandra, Satish, _d1922- |
||
| 942 |
_adpl _cEN _k954.02 / REL _2ddc _h954.02 _mREL |
||
| 999 |
_c152115 _d152115 |
||